000 00404nam a2200181Ia 4500
001 19715
005 20260306172713.0
008 260306t2006||||xx |||||||||||||| ||spa||
041 _aESP
082 _a341
_bL64
100 _aLimodio, Gabriel
_eAUT
245 0 _aIntroducción al saber jurídico
260 _c2006
300 _a
_c
650 _aGEN
654 _aCDE
942 _cLIB
_dJUS
_fJUS
_2ddc
_n
999 _c19715
_d19715